| 000 | 01435nam a22002297a 4500 | ||
|---|---|---|---|
| 999 |
_c62080 _d62080 |
||
| 003 | Ge_BSU | ||
| 005 | 20240704155452.0 | ||
| 008 | 240704s2021 ge ||||| |||| 00| 0 geo d | ||
| 020 | _a9789941328688 | ||
| 041 | _ageo | ||
| 080 | _a005.9(075.8)ლ-87 | ||
| 100 |
_aლოული, ბრაიან, ავტორი. _922713 |
||
| 245 |
_aპროდუქტის მენეჯმენტი მარტივად / _cბრაიან ლოული და პამელა სკური ; მთარგმნელი თამთა ხუციშვილი-ბერუაშვილი ; სარედაქციო ჯგუფი: ზურაბ აბაშიძე, ნინო მალუტაშვილი, თამარ ჯანთიშვილი [და სხვა]. |
||
| 264 |
_aთბილისი : _bპალიტრა L, _c2021. |
||
| 300 |
_a444 გვ.: _bსქ. ; _c 23 სმ. |
||
| 440 |
_aლურჯი ოკეანე - წარმატების ბიბლიოთეკა _913234 |
||
| 653 | _aპროდუქტის მენეჯმენტი | ||
| 653 | _aმენეჯმენტი | ||
| 700 |
_a სკური, პამელა _922714 |
||
| 700 |
_aხუციშვილი-ბერუაშვილი, თამთა _eმთარგმნელი და სხვ. _922715 |
||
| 942 |
_2udc _cᲬᲘᲒᲜᲘ |
||